000 01220cam a2200265 4500
001 ABS66363
008 030205n2003 000 0 eng u
035 _a(Sirsi) u121255
100 _aVara, B.
245 _aSideways look
260 _c2003
490 _aEstates Gazette
_v(0301) 4 January 2003, 62-63(2)
520 _aDiscusses the issue of side agreements and how subleases must be interpreted in the light of any side agreement. Outlines the recent case of "Homebase Ltd v Allied Dunbar Assurance plc" (CA Abs65749), where the practice of side agreements used by tenants to get round clauses prohibiting subletting on terms other than in the lease, was ruled by CA to be invalid. View judgment at www.bailii.org.
590 _aABS
650 _aSIDE AGREEMENTS
650 _aSUBLEASES
650 _aHOMEBASE LTD AND ANOTHER V ALLIED DUNBAR ASSURANCE PLC
650 _aSUBLETTING
650 _aCOMMERCIAL TENANTS
650 _aTAX ISSUES
690 _aLANDLORD AND TENANT-BUSINESS TENANCIES-CASE LAW
700 _aArmstrong, C.
856 _uhttps://www.bailii.org/cgi-bin/markup.cgi?doc=/ew/cases/EWCA/Civ/2002/666.html&query=Allied Dunbar
_zView judgment on the BAILII website...
942 _n0
999 _c72066
_d72066